00375 2200157 4500245003700000020002200037250001200059100001400071650001700085005001900102260004200121041001400163084000800177300002300185336000900208 aAutumn in PariscIlana TanhText a978-602-03-1021-3 aCet. 26 aIlana Tan aNovel Remaja a20230714131224 aJakartabGramedia Pustaka Utamac2015 aIndonesia a813 a264 hlm. :c20 cm. atext